00988mam a2200265 450000100060000000300080000600500170001400800410003103500230007203500190009504000270011404100080014108200280014910000350017724500490021226000600026130000340032149000470035550400620040265100380046483000500050294200120055299900170056495201410058145565BD-RjUL20211209054032.0160727s1959 dcu 000 0 eng u a(OCoLC)ocm00929210 a(BD-RjUL)45683 cMDYdUKMaBD-RjULbeng aeng04a382.0952218bSAJ 1959 1 aSapir, Michael,d1913-913948410aJapan, China and the West / cMichael Sapir  a[Washington] :bNational Planning Association, c[1959] axi, 79 p. : bill. ; c23 cm.1 aThe economics of competitive co-existence. aBibliographical references included in "Notes" (p. 72-76) 0aJapanxCommercial policy.9139485 0aEconomics of competitive coexistence.9139479 2ddccBK c45565d45565 00102ddc40708NFICaRUCLbRUCLcStackd1965-11-12eZeithlingerg16.00l0o382.0952 SAJ 1959r2016-07-27 00:00:00tC-2w2016-07-27yBK